000 00645cam a2200229 a 4500
001 2861438
005 20180109044308.0
008 850321s1986 nyu b 001 0 eng
010 _a 85040077
020 _a0312789327 :
_c$29.95
040 _aDLC
_cDLC
_dDLC
041 _aeng
080 _a338.06 HAL
082 0 0 _a338.06 HAL
_219
100 _a52
101 _aEKO
245 0 0 _aTechnology, innovation, and economic policy /
_cedited by Peter Hall.
504 _aIncludes bibliographies and index.
740 0 _aTechnology, innovation & economic policy.
906 _a7
_bcbc
_corignew
_d1
_eocip
_f19
_gy-gencatlg
942 _2ddc
_cBK
999 _c39881
_d39881